Normal view
MARC view
Entry Topical Term
001 - CONTROL NUMBER
- control field: 298314
003 - CONTROL NUMBER IDENTIFIER
- control field: MY-SjTCS
005 - DATE AND TIME OF LATEST TRANSACTION
- control field: 20200306171144.0
008 - FIXED-LENGTH DATA ELEMENTS
- fixed length control field: 200306|| aca||aabn | a|a d
040 ## - CATALOGING SOURCE
- Original cataloging agency: MY-SjTCS
- Transcribing agency: MY-SjTCS
150 ## - HEADING--TOPICAL TERM
- Topical term or geographic name entry element: Automorphic forms
670 ## - SOURCE DATA FOUND
- Source citation: Work cat.: (MY-SjTCS)67440: International Conference on Harmonic Analysis, Group Representations, Automorphic Forms and Invariant Theory (2006 : National University of Singapore) 298310, Harmonic analysis, group representations, automorphic forms, and invariant theory, 2007.